| 000 | 00915nam a22001937a 4500 | ||
|---|---|---|---|
| 005 | 20250820113016.0 | ||
| 008 | 250820b |||||||| |||| 00| 0 eng d | ||
| 020 |
_a9783836510189 _qhbk |
||
| 041 | _aeng | ||
| 082 |
_a709 _bSCH |
||
| 100 | _aSchneider, Norbert | ||
| 245 |
_aStill Life _b: still life painting in the early modern period _c/ Norbert Schneider (Author), Hugh Beyer (Translator) |
||
| 260 |
_aKöln _bTaschen _c2009 |
||
| 300 |
_a215 p. _b: ill. (some color) _c; 31 cm |
||
| 504 | _aBiblio | ||
| 520 | _aThe still life, the most primordial of painting subjects, had its peak between the late Middle Ages and the 17th century. In this book, Norbert Schneider explores the still life insights into changes of mentality and philosophy as well as its role in the history of scientific discoveries and the gradual replacement of the medieval concept of the world | ||
| 650 | _aArt | ||
| 942 | _cREF | ||
| 999 |
_c583125 _d583125 |
||